|
|
|
|
| LEADER |
00000nab a2200000 a 4500 |
| 001 |
vtls000684848 |
| 003 |
SK-MaSNL |
| 005 |
20260305032529.0 |
| 008 |
180206c1999 xo 0 slo |
| 015 |
|
|
|a SNBRB1999/01-00310
|
| 035 |
|
|
|a CLN000037015
|
| 040 |
|
|
|a SNKBUCL
|b slo
|c SNKBUCL
|e AACR2
|
| 041 |
0 |
|
|a slo
|
| 044 |
|
|
|a xo
|c SK
|
| 080 |
|
|
|a 793.31:784.4
|2 UDC-MRF-SK2
|
| 080 |
|
|
|a 784.4
|2 UDC-MRF-SK2
|
| 100 |
1 |
|
|a Majerčík, Jozef,
|d 1928-2011
|4 aut
|9 15981
|
| 245 |
1 |
0 |
|a Osemdesiatpäťroná jubilantka
|b východňania čiperní trištvrte storočia
|c Jozef Majerčík
|
| 300 |
|
|
|b Fotogr.
|
| 610 |
|
7 |
|a Kriváň (folklórna skupina : Východná, Slovensko)
|2 snkbucl
|9 168784
|
| 651 |
|
7 |
|a Liptovský Mikuláš (Slovensko : okres)
|2 snkbucl
|9 31431
|
| 655 |
|
7 |
|a články z novín a časopisov
|2 snkbucl
|9 267496
|
| 773 |
0 |
|
|t Národná osveta
|g Roč. 9, č. 1 (1999)
|
| 773 |
0 |
|
|t [Príl.] Folklór
|g Roč. 5, č. 1 (1999), s. XIII-XIV
|
| 850 |
|
|
|a Slovenská národná knižnica v Martine
|
| 852 |
|
|
|a SNK
|b KIS3GCP
|
| 958 |
|
|
|a RBX
|
| 999 |
|
|
|c 3320485
|d 3322415
|